000 00620cam9a220021700 4500
001 tmp15408770
003 UPRA
005 20190830120852.0
008 950808s1965 po por u
035 _a(Sirsi) r29154
035 _a(UPRA)tmp15408770
040 _cUPRA
100 1 _aCesar, Am^andio.
_6A93476.1
245 1 0 _aGuine 1965 :
_bcontra-ataque.
260 _aBraga :
_bEditora Pax,
_c1965.
440 0 _aColecc~ao Metropole e ultramar ;
_v18
_6S14119.1
504 _aBibliography: p. 227-229.
651 0 _aGuinea-Bissau.
_6S29559.1
949 _aDT613
_wlcc
_i-31824
_mMAIN
_tBOOK
_lON-SHELF
004 29154
999 _c196471
_d196471